000 00888nas a2200313 4500
001 BR0003109
003 BR-BrBNA
005 20231205101919.0
007 ta
008 230509b bl.|||p| |||| 00| 00por d
040 _aBR-BrBNA
_bpor
_cBiblioteca Nacional de Agricultura
041 _a(Pt)
072 _aL73
100 1 _aMota, R.A.
100 1 _aSoares, P.C.
100 1 _aSilva, F.
100 1 _aSoares, C.O.
100 1 _aLopes, C.W.G.
100 1 _aMassard, C.L.
245 1 _aBabesiose caprina no Estado de Pernambuco, Brasil
650 _aCaprino
650 _aBabesiose
650 _aHematologia
650 _aAnalise de Laboratorio
650 _aPernambuco
773 0 _tRevista Brasileira de Medicina Veterinaria (Brazil)
_xISSN 0100-2430
_g(Mar-Apr 2000), v. 22(2) p. 78-80
_wBR0003109
909 _a202311
_bLúcia
_c55
_dLúcia Elande
942 _2AGRIS
_n0
_cANA
999 _c164681
_d164681